[Event "VI Sunway Sitges Open 2019"]
[Site "Sitges"]
[Date "2019.12.18"]
[Round "6.48"]
[White "Ingebretsen, Jens E"]
[Black "Kulaots, Kaido"]
[Result "0-1"]
[WhiteElo "2255"]
[BlackElo "2538"]
[Annotator "ChessBase"]
[PlyCount "81"]
[EventDate "2019.12.13"]
[EventType "swiss"]
[EventCountry "ESP"]
[SourceTitle "playchess.com"]
[Source "ChessBase"]
[SourceQuality "1"]
[TimeControl "40/5400+30:1800+30"]

1. c4 {[%emt 0:00:38]} b6 {[%emt 0:00:00]} 2. d4 {[%emt 0:00:33]} Bb7 {[%emt 0:00:05]} 3. Nc3 {[%emt 0:00:14]} e6 {[%emt 0:00:26]} 4. a3 {[%emt 0:00:08]} Nf6 {[%emt 0:00:24]} 5. d5 {[%emt 0:06:35]} Bd6 {[%emt 0:02:28]} 6. Nf3 {[%emt 0:03:35]} O-O {[%emt 0:01:00]} 7. Bg5 {[%emt 0:02:17]} h6 {[%emt 0:04:25]} 8. Bh4 {[%emt 0:01:22]} Na6 {[%emt 0:04:22]} 9. e3 {[%emt 0:02:37]} Be7 {[%emt 0:01:36]} 10. Be2 {[%emt 0:11:58]} Nc5 {[%emt 0:04:37]} 11. O-O {[%emt 0:15:17]} Nxd5 {[%emt 0:10:26]} 12. cxd5 {[%emt 0:00:51]} Bxh4 {[%emt 0:00:05]} 13. Nxh4 {[%emt 0:07:04]} Qxh4 {[%emt 0:00:08]} 14. b4 {[%emt 0:07:51]} Ne4 {[%emt 0:05:06]} 15. Nxe4 {[%emt 0:12:42]} Qxe4 {[%emt 0:00:08]} 16. Bf3 {[%emt 0:00:10]} Qe5 {[%emt 0:22:13]} 17. dxe6 {[%emt 0:00:37]} Bxf3 {[%emt 0:00:07]} 18. exf7+ {[%emt 0:01:02]} Rxf7 {[%emt 0:00:07]} 19. gxf3 {[%emt 0:00:05]} a5 {[%emt 0:04:18]} 20. f4 {[%emt 0:03:30]} Qe4 {[%emt 0:00:42]} 21. Qb1 {[%emt 0:00:27]} Qe6 {[%emt 0:00:27]} 22. Rc1 {[%emt 0:06:07]} d5 {[%emt 0:07:52]} 23. Qd3 {[%emt 0:01:22]} Qg4+ {[%emt 0:09:34]} 24. Kf1 {[%emt 0:01:28]} Qf3 {[%emt 0:01:47]} 25. Qd1 {[%emt 0:01:31]} Qe4 {[%emt 0:02:05]} 26. b5 {[%emt 0:11:49]} Re8 {[%emt 0:03:37]} 27. Qh5 {[%emt 0:00:46]} d4 {[%emt 0:06:41]} 28. Re1 {[%emt 0:00:01]} Rf5 {[%emt 0:03:29]} 29. Qh3 {[%emt 0:00:43]} Rxb5 {[%emt 0:01:36]} 30. Qg2 {[%emt 0:00:45]} Qxg2+ {[%emt 0:02:26]} 31. Kxg2 {[%emt 0:00:02]} d3 {[%emt 0:00:19]} 32. e4 {[%emt 0:00:34]} c5 {[%emt 0:01:00]} 33. Kf3 {[%emt 0:00:07]} c4 {[%emt 0:00:48]} 34. Red1 {[%emt 0:00:12]} Rb2 {[%emt 0:00:26]} 35. Rac1 {[%emt 0:00:24]} b5 {[%emt 0:00:48]} 36. a4 {[%emt 0:00:07]} d2 {[%emt 0:01:13]} 37. Rc3 {[%emt 0:00:29]} Rb3 {[%emt 0:00:36]} 38. Rxb3 {[%emt 0:00:05]} cxb3 {[%emt 0:00:05]} 39. Ke3 {[%emt 0:02:08]} b2 {[%emt 0:00:53]} 40. Kd3 {[%emt 0:00:00]} bxa4 {[%emt 0:00:00]} 41. Kd4 {[%emt 0:00:13]} 0-1

[Event "VI Sunway Sitges Open 2019"]
[Site "Sitges"]
[Date "2019.12.18"]
[Round "6.49"]
[White "Pascual Sauch, Angel"]
[Black "Ansat, Aldiyar"]
[Result "0-1"]
[WhiteElo "2096"]
[BlackElo "2280"]
[Annotator "NA"]
[PlyCount "114"]
[EventDate "2019.12.13"]
[EventType "swiss"]
[EventCountry "ESP"]
[SourceTitle "playchess.com"]
[Source "ChessBase"]
[SourceQuality "1"]
[TimeControl "40/5400+30:1800+30"]

1. c4 {[%emt 0:00:01]} g6 {[%emt 0:00:23]} 2. Nc3 {[%emt 0:00:18]} Bg7 {[%emt 0:00:08]} 3. g3 {[%emt 0:00:11]} Nf6 {[%emt 0:00:10]} 4. Bg2 {[%emt 0:00:06]} O-O {[%emt 0:00:05]} 5. d4 {[%emt 0:01:01]} d6 {[%emt 0:00:05]} 6. Nf3 {[%emt 0:01:20]} Nbd7 {[%emt 0:00:06]} 7. O-O {[%emt 0:02:12]} e5 {[%emt 0:01:30]} 8. e3 {[%emt 0:04:47]} c6 {[%emt 0:04:37]} 9. a3 {[%emt 0:03:09]} a5 {[%emt 0:02:20]} 10. b3 {[%emt 0:01:39]} Qe7 {[%emt 0:02:05]} 11. a4 {[%emt 0:01:08]} Rd8 {[%emt 0:06:43]} 12. Ba3 {[%emt 0:02:08]} Ne8 {[%emt 0:04:22]} 13. Qc2 {[%emt 0:03:28]} f5 {[%emt 0:01:19]} 14. dxe5 {[%emt 0:02:12]} Nxe5 {[%emt 0:00:53]} 15. Rad1 {[%emt 0:00:38]} Nxf3+ {[%emt 0:18:23]} 16. Bxf3 {[%emt 0:00:09]} Be6 {[%emt 0:00:30]} 17. Rd2 {[%emt 0:00:57]} Rd7 {[%emt 0:01:15]} 18. Rfd1 {[%emt 0:00:39]} Rad8 {[%emt 0:00:59]} 19. Ne2 {[%emt 0:08:00]} Nc7 {[%emt 0:06:33]} 20. Nd4 {[%emt 0:01:49]} Bf7 {[%emt 0:02:29]} 21. Bxc6 {[%emt 0:05:50]} bxc6 {[%emt 0:01:52]} 22. Nxc6 {[%emt 0:00:23]} Qe8 {[%emt 0:03:15]} 23. Nxd8 {[%emt 0:00:59]} Rxd8 {[%emt 0:00:22]} 24. Bxd6 {[%emt 0:03:37]} Ne6 {[%emt 0:00:28]} 25. h4 {[%emt 0:01:08]} Qc6 {[%emt 0:08:51]} 26. Ba3 {[%emt 0:02:10]} Rxd2 {[%emt 0:02:32]} 27. Qxd2 {[%emt 0:00:28]} f4 {[%emt 0:17:12]} 28. Qd5 {[%emt 0:02:32]} Qe8 {[%emt 0:00:19]} 29. Qd7 {[%emt 0:03:47]} Qb8 {[%emt 0:04:33]} 30. Qb5 {[%emt 0:00:51]} Qa8 {[%emt 0:00:11]} 31. Qd5 {[%emt 0:02:45]} Qe8 {[%emt 0:01:12]} 32. Qxa5 {[%emt 0:01:24]} fxg3 {[%emt 0:00:40]} 33. fxg3 {[%emt 0:00:06]} Qb8 {[%emt 0:01:22]} 34. Bd6 {[%emt 0:05:58]} Qxb3 {[%emt 0:00:23]} 35. Qa8+ {[%emt 0:04:12]} Nf8 {[%emt 0:02:06]} 36. Qf3 {[%emt 0:01:42]} Qxc4 {[%emt 0:01:24]} 37. a5 {[%emt 0:01:43]} Qa2 {[%emt 0:05:49]} 38. Rf1 {[%emt 0:03:43]} Bd5 {[%emt 0:02:17]} 39. e4 {[%emt 0:00:01]} Bf7 {[%emt 0:00:31]} 40. a6 {[%emt 0:00:48]} Nd7 {[%emt 0:00:30]} 41. Qf2 {[%emt 0:12:51]} Qxf2+ {[%emt 0:02:58]} 42. Kxf2 {[%emt 0:01:20]} Bc4 {[%emt 0:00:21]} 43. Re1 {[%emt 0:03:52]} Bxa6 {[%emt 0:07:57]} 44. e5 {[%emt 0:00:10]} Bc4 {[%emt 0:01:19]} 45. e6 {[%emt 0:07:42]} Nf6 {[%emt 0:00:07]} 46. Kf3 {[%emt 0:03:34]} Ne8 {[%emt 0:00:37]} 47. Bb4 {[%emt 0:07:04]} Nc7 {[%emt 0:00:59]} 48. e7 {[%emt 0:00:26]} Ne8 {[%emt 0:00:36]} 49. g4 {[%emt 0:01:31]} h6 {[%emt 0:01:19]} 50. Kf4 {[%emt 0:00:46]} Kf7 {[%emt 0:00:34]} 51. Rc1 {[%emt 0:02:30]} Bb5 {[%emt 0:03:57]} 52. g5 {[%emt 0:01:40]} h5 {[%emt 0:00:42]} 53. Ke4 {[%emt 0:00:47]} Ke6 {[%emt 0:00:33]} 54. Kf3 {[%emt 0:02:45]} Bd3 {[%emt 0:02:05]} 55. Rc8 {[%emt 0:02:32]} Kf7 {[%emt 0:00:07]} 56. Kf4 {[%emt 0:01:02]} Bf5 {[%emt 0:00:08]} 57. Ba3 {[%emt 0:01:07]} Bxc8 {[%emt 0:00:03]} 0-1

[Event "VI Sunway Sitges Open 2019"]
[Site "Sitges"]
[Date "2019.12.18"]
[Round "6.50"]
[White "Colls Gelaberto, Emili"]
[Black "Pawicka, Magdalena"]
[Result "1-0"]
[WhiteElo "2045"]
[BlackElo "1827"]
[Annotator "NA"]
[PlyCount "109"]
[EventDate "2019.12.13"]
[EventType "swiss"]
[EventCountry "ESP"]
[SourceTitle "playchess.com"]
[Source "ChessBase"]
[SourceQuality "1"]
[TimeControl "40/5400+30:1800+30"]

1. d4 {[%emt 0:00:00]} Nf6 {[%emt 0:00:00]} 2. c4 {[%emt 0:00:00]} e6 {[%emt 0:00:00]} 3. Nf3 {[%emt 0:00:00]} d5 {[%emt 0:02:18]} 4. g3 {[%emt 0:00:24]} dxc4 {[%emt 0:00:20]} 5. Bg2 {[%emt 0:00:17]} Bd7 {[%emt 0:00:23]} 6. Ne5 {[%emt 0:01:18]} Bc6 {[%emt 0:00:32]} 7. Nxc6 {[%emt 0:00:10]} Nxc6 {[%emt 0:00:10]} 8. Qa4 {[%emt 0:00:50]} Qd7 {[%emt 0:01:07]} 9. Qxc4 {[%emt 0:02:43]} O-O-O {[%emt 0:07:59]} 10. Bxc6 {[%emt 0:00:52]} Qxc6 {[%emt 0:00:31]} 11. Qxc6 {[%emt 0:00:27]} bxc6 {[%emt 0:00:06]} 12. Be3 {[%emt 0:01:47]} Ng4 {[%emt 0:09:22]} 13. Nc3 {[%emt 0:01:41]} Nxe3 {[%emt 0:00:55]} 14. fxe3 {[%emt 0:00:07]} Be7 {[%emt 0:11:02]} 15. Na4 {[%emt 0:02:08]} Rd5 {[%emt 0:01:36]} 16. O-O {[%emt 0:01:04]} Rf8 {[%emt 0:01:56]} 17. Rac1 {[%emt 0:00:55]} Kb7 {[%emt 0:00:35]} 18. Rc3 {[%emt 0:02:10]} e5 {[%emt 0:01:33]} 19. Rc4 {[%emt 0:01:30]} Bg5 {[%emt 0:03:07]} 20. Kf2 {[%emt 0:00:47]} Re8 {[%emt 0:04:20]} 21. Rd1 {[%emt 0:04:35]} Red8 {[%emt 0:05:04]} 22. Rd3 {[%emt 0:00:43]} Bf6 {[%emt 0:04:39]} 23. Rb3+ {[%emt 0:03:11]} Rb5 {[%emt 0:00:25]} 24. Nc5+ {[%emt 0:03:54]} Ka8 {[%emt 0:03:21]} 25. dxe5 {[%emt 0:03:54]} Bxe5 {[%emt 0:01:55]} 26. Nd3 {[%emt 0:02:07]} Rxb3 {[%emt 0:01:39]} 27. axb3 {[%emt 0:00:08]} Bd6 {[%emt 0:00:07]} 28. Rxc6 {[%emt 0:00:16]} Rb8 {[%emt 0:00:06]} 29. b4 {[%emt 0:00:29]} Kb7 {[%emt 0:00:31]} 30. Rc4 {[%emt 0:00:25]} Ka6 {[%emt 0:01:31]} 31. b3 {[%emt 0:01:16]} Kb5 {[%emt 0:00:53]} 32. Kf3 {[%emt 0:00:54]} a5 {[%emt 0:02:06]} 33. bxa5 {[%emt 0:01:00]} Kxa5 {[%emt 0:00:08]} 34. Rc3 {[%emt 0:01:50]} Rb7 {[%emt 0:01:18]} 35. Ke4 {[%emt 0:00:59]} Bb4 {[%emt 0:01:55]} 36. Nxb4 {[%emt 0:00:58]} Kxb4 {[%emt 0:00:16]} 37. Kd3 {[%emt 0:00:10]} c5 {[%emt 0:04:26]} 38. Rc4+ {[%emt 0:01:09]} Kb5 {[%emt 0:00:26]} 39. Rg4 {[%emt 0:01:21]} g6 {[%emt 0:04:17]} 40. Kc3 {[%emt 0:00:00]} f5 {[%emt 0:00:00]} 41. Rf4 {[%emt 0:02:37]} Re7 {[%emt 0:02:43]} 42. Kd2 {[%emt 0:00:36]} Rd7+ {[%emt 0:02:01]} 43. Ke1 {[%emt 0:00:27]} Re7 {[%emt 0:00:31]} 44. Kf2 {[%emt 0:00:30]} Re4 {[%emt 0:17:55]} 45. g4 {[%emt 0:00:45]} Rxf4+ {[%emt 0:02:48]} 46. exf4 {[%emt 0:00:09]} c4 {[%emt 0:10:45]} 47. bxc4+ {[%emt 0:00:22]} Kxc4 {[%emt 0:00:05]} 48. gxf5 {[%emt 0:00:39]} gxf5 {[%emt 0:00:05]} 49. Kg3 {[%emt 0:03:08]} Kd4 {[%emt 0:02:41]} 50. Kh4 {[%emt 0:00:11]} Ke4 {[%emt 0:01:06]} 51. Kg5 {[%emt 0:00:10]} h6+ {[%emt 0:00:10]} 52. Kxh6 {[%emt 0:00:06]} Kxf4 {[%emt 0:00:05]} 53. Kg6 {[%emt 0:00:23]} Kg4 {[%emt 0:00:05]} 54. h4 {[%emt 0:00:14]} f4 {[%emt 0:00:16]} 55. h5 {[%emt 0:00:43]} 1-0

[Event "VI Sunway Sitges Open 2019"]
[Site "Sitges"]
[Date "2019.12.18"]
[Round "6.51"]
[White "Roch, Florian"]
[Black "Sai Alagappan S"]
[Result "1/2-1/2"]
[WhiteElo "1979"]
[BlackElo "1591"]
[Annotator "NA"]
[PlyCount "71"]
[EventDate "2019.12.13"]
[EventType "swiss"]
[EventCountry "ESP"]
[SourceTitle "playchess.com"]
[Source "ChessBase"]
[SourceQuality "1"]
[TimeControl "40/5400+30:1800+30"]

1. e4 {[%emt 0:05:50]} d5 {[%emt 0:11:59]} 2. exd5 {[%emt 0:00:00]} Nf6 {[%emt 0:00:22]} 3. Nf3 {[%emt 0:00:00]} Nxd5 {[%emt 0:00:09]} 4. d4 {[%emt 0:00:14]} Nf6 {[%emt 0:00:09]} 5. Bd3 {[%emt 0:01:02]} e6 {[%emt 0:06:22]} 6. Qe2 {[%emt 0:00:00]} c5 {[%emt 0:00:00]} 7. c3 {[%emt 0:01:15]} Nc6 {[%emt 0:02:38]} 8. O-O {[%emt 0:05:37]} Be7 {[%emt 0:09:29]} 9. dxc5 {[%emt 0:01:39]} Bxc5 {[%emt 0:00:00]} 10. b4 {[%emt 0:01:20]} Bd6 {[%emt 0:00:00]} 11. Bb2 {[%emt 0:02:56]} Qc7 {[%emt 0:01:04]} 12. Na3 {[%emt 0:08:30]} Ng4 {[%emt 0:13:39]} 13. g3 {[%emt 0:00:00]} Nge5 {[%emt 0:07:30]} 14. Nb5 {[%emt 0:00:00]} Qb8 {[%emt 0:00:53]} 15. Nxe5 {[%emt 0:02:36]} Bxe5 {[%emt 0:01:23]} 16. Rad1 {[%emt 0:04:56]} a6 {[%emt 0:01:36]} 17. Nd4 {[%emt 0:04:24]} Nxd4 {[%emt 0:10:52]} 18. cxd4 {[%emt 0:00:33]} Bf6 {[%emt 0:00:02]} 19. Be4 {[%emt 0:11:51]} O-O {[%emt 0:02:38]} 20. Qf3 {[%emt 0:02:13]} Ra7 {[%emt 0:01:06]} 21. Bc1 {[%emt 0:01:56]} b5 {[%emt 0:08:35]} 22. Be3 {[%emt 0:01:41]} Rd7 {[%emt 0:02:42]} 23. Bf4 {[%emt 0:03:47]} Qa7 {[%emt 0:02:47]} 24. d5 {[%emt 0:03:50]} exd5 {[%emt 0:02:13]} 25. Rxd5 {[%emt 0:00:17]} Rxd5 {[%emt 0:01:48]} 26. Bxd5 {[%emt 0:03:58]} Be6 {[%emt 0:05:29]} 27. Bxe6 {[%emt 0:00:00]} fxe6 {[%emt 0:00:03]} 28. Qc6 {[%emt 0:00:00]} e5 {[%emt 0:01:43]} 29. Be3 {[%emt 0:00:00]} Qa8 {[%emt 0:00:46]} 30. Qe6+ {[%emt 0:00:00]} Kh8 {[%emt 0:00:16]} 31. Rd1 {[%emt 0:04:10]} Qc8 {[%emt 0:01:31]} 32. Rd7 {[%emt 0:07:05]} Re8 {[%emt 0:04:03]} 33. Qf7 {[%emt 0:00:00]} Rd8 {[%emt 0:01:24]} 34. Rc7 {[%emt 0:05:51]} Qg4 {[%emt 0:00:22]} 35. Rc1 {[%emt 0:07:00]} Qxb4 {[%emt 0:01:23]} 36. Bb6 {[%emt 0:01:22]} 1/2-1/2

[Event "VI Sunway Sitges Open 2019"]
[Site "Sitges"]
[Date "2019.12.18"]
[Round "6.52"]
[White "Gniado, Radoslaw"]
[Black "Henderson Franklin, Matthew"]
[Result "1/2-1/2"]
[WhiteElo "1819"]
[BlackElo "1611"]
[Annotator "NA"]
[PlyCount "90"]
[EventDate "2019.12.13"]
[EventType "swiss"]
[EventCountry "ESP"]
[SourceTitle "playchess.com"]
[Source "ChessBase"]
[SourceQuality "1"]
[TimeControl "40/5400+30:1800+30"]

1. d4 {[%emt 0:02:13]} Nf6 {[%emt 0:00:00]} 2. Bf4 {[%emt 0:00:11]} g6 {[%emt 0:03:31]} 3. e3 {[%emt 0:00:11]} Bg7 {[%emt 0:00:06]} 4. Nf3 {[%emt 0:00:10]} O-O {[%emt 0:00:22]} 5. Nbd2 {[%emt 0:00:07]} d6 {[%emt 0:00:15]} 6. Be2 {[%emt 0:00:09]} Nbd7 {[%emt 0:00:19]} 7. O-O {[%emt 0:00:22]} h6 {[%emt 0:00:33]} 8. h3 {[%emt 0:00:36]} Nh7 {[%emt 0:01:00]} 9. c3 {[%emt 0:02:38]} e5 {[%emt 0:04:47]} 10. dxe5 {[%emt 0:01:46]} dxe5 {[%emt 0:00:10]} 11. Bg3 {[%emt 0:00:17]} f5 {[%emt 0:02:44]} 12. Qc2 {[%emt 0:09:11]} Qe8 {[%emt 0:11:42]} 13. Rfe1 {[%emt 0:10:42]} Kh8 {[%emt 0:02:05]} 14. Bh2 {[%emt 0:05:23]} Nb6 {[%emt 0:21:28]} 15. Nc4 {[%emt 0:04:32]} Nxc4 {[%emt 0:00:31]} 16. Bxc4 {[%emt 0:00:05]} Qe7 {[%emt 0:03:01]} 17. Rad1 {[%emt 0:01:39]} Ng5 {[%emt 0:00:43]} 18. Nxg5 {[%emt 0:15:15]} Qxg5 {[%emt 0:00:18]} 19. f4 {[%emt 0:04:23]} Qe7 {[%emt 0:03:40]} 20. fxe5 {[%emt 0:01:26]} Bxe5 {[%emt 0:01:21]} 21. Bxe5+ {[%emt 0:02:27]} Qxe5 {[%emt 0:00:09]} 22. Qd2 {[%emt 0:01:28]} Be6 {[%emt 0:02:47]} 23. Bxe6 {[%emt 0:04:07]} Qxe6 {[%emt 0:00:13]} 24. Qd7 {[%emt 0:08:13]} Qb6 {[%emt 0:03:39]} 25. Rd4 {[%emt 0:06:01]} Rad8 {[%emt 0:07:19]} 26. Qe7 {[%emt 0:00:53]} Rde8 {[%emt 0:02:14]} 27. Qh4 {[%emt 0:00:42]} g5 {[%emt 0:02:47]} 28. Qh5 {[%emt 0:01:24]} Re7 {[%emt 0:07:32]} 29. Qe2 {[%emt 0:05:07]} Rfe8 {[%emt 0:00:54]} 30. Qd2 {[%emt 0:00:29]} f4 {[%emt 0:05:41]} 31. e4 {[%emt 0:00:37]} Rxe4 {[%emt 0:00:40]} 32. Rexe4 {[%emt 0:00:54]} Rxe4 {[%emt 0:00:08]} 33. Kh2 {[%emt 0:00:08]} Rxd4 {[%emt 0:01:13]} 34. cxd4 {[%emt 0:00:05]} Qe6 {[%emt 0:03:11]} 35. Qb4 {[%emt 0:01:49]} b6 {[%emt 0:02:34]} 36. Qf8+ {[%emt 0:00:55]} Kh7 {[%emt 0:00:09]} 37. Qd8 {[%emt 0:00:58]} Qd6 {[%emt 0:00:35]} 38. Qc8 {[%emt 0:00:56]} f3+ {[%emt 0:01:16]} 39. g3 {[%emt 0:00:10]} Kg6 {[%emt 0:02:54]} 40. Qe8+ {[%emt 0:00:00]} Kg7 {[%emt 0:00:00]} 41. Qe4 {[%emt 0:01:56]} Qf6 {[%emt 0:01:29]} 42. Kg1 {[%emt 0:00:14]} f2+ {[%emt 0:01:07]} 43. Kf1 {[%emt 0:00:11]} Qf7 {[%emt 0:05:16]} 44. Qe5+ {[%emt 0:00:52]} Kg8 {[%emt 0:02:35]} 45. b3 {[%emt 0:02:44]} a5 {[%emt 0:01:30]} 1/2-1/2

[Event "VI Sunway Sitges Open 2019"]
[Site "Sitges"]
[Date "2019.12.18"]
[Round "6.53"]
[White "Manmay Chopra"]
[Black "Franzoni Ladron de Guevara, Enric"]
[Result "1-0"]
[WhiteElo "1354"]
[BlackElo "1798"]
[Annotator "NA"]
[PlyCount "93"]
[EventDate "2019.12.13"]
[EventType "swiss"]
[EventCountry "ESP"]
[SourceTitle "playchess.com"]
[Source "ChessBase"]
[SourceQuality "1"]
[TimeControl "40/5400+30:1800+30"]

1. d4 {[%emt 0:04:16]} d5 {[%emt 0:00:00]} 2. Nf3 {[%emt 0:00:10]} Nf6 {[%emt 0:00:00]} 3. g3 {[%emt 0:00:08]} g6 {[%emt 0:00:00]} 4. Bg2 {[%emt 0:00:11]} Bg7 {[%emt 0:00:00]} 5. O-O {[%emt 0:00:10]} O-O {[%emt 0:00:00]} 6. c4 {[%emt 0:00:07]} c6 {[%emt 0:00:00]} 7. b3 {[%emt 0:00:43]} Nbd7 {[%emt 0:00:22]} 8. Bb2 {[%emt 0:01:12]} Ne4 {[%emt 0:01:08]} 9. Nbd2 {[%emt 0:02:20]} Ndf6 {[%emt 0:00:51]} 10. Qc2 {[%emt 0:03:09]} Bf5 {[%emt 0:00:47]} 11. Qc1 {[%emt 0:02:52]} Rc8 {[%emt 0:01:17]} 12. Ne5 {[%emt 0:09:06]} Bh6 {[%emt 0:02:14]} 13. e3 {[%emt 0:02:45]} Nxd2 {[%emt 0:02:31]} 14. Qxd2 {[%emt 0:01:05]} Ne4 {[%emt 0:00:06]} 15. Qd1 {[%emt 0:09:23]} f6 {[%emt 0:05:01]} 16. Ng4 {[%emt 0:04:17]} Bg7 {[%emt 0:01:52]} 17. f4 {[%emt 0:00:25]} Qd7 {[%emt 0:00:53]} 18. Nf2 {[%emt 0:01:05]} Nxf2 {[%emt 0:00:48]} 19. Rxf2 {[%emt 0:01:18]} Bg4 {[%emt 0:00:37]} 20. Qf1 {[%emt 0:06:45]} f5 {[%emt 0:01:45]} 21. Rc1 {[%emt 0:04:03]} Rcd8 {[%emt 0:03:50]} 22. cxd5 {[%emt 0:01:01]} cxd5 {[%emt 0:00:50]} 23. Rfc2 {[%emt 0:00:47]} Qe6 {[%emt 0:01:38]} 24. Kf2 {[%emt 0:03:26]} Rd6 {[%emt 0:02:08]} 25. Qb5 {[%emt 0:01:10]} b6 {[%emt 0:00:45]} 26. Ba3 {[%emt 0:01:42]} Rd7 {[%emt 0:01:36]} 27. Rc6 {[%emt 0:02:22]} Qf7 {[%emt 0:01:24]} 28. Rxb6 {[%emt 0:01:51]} Rfd8 {[%emt 0:01:06]} 29. Rbc6 {[%emt 0:04:35]} Bf6 {[%emt 0:02:24]} 30. Qa6 {[%emt 0:02:10]} g5 {[%emt 0:01:39]} 31. Bc5 {[%emt 0:04:49]} gxf4 {[%emt 0:01:07]} 32. exf4 {[%emt 0:00:05]} Qg7 {[%emt 0:00:46]} 33. Qd3 {[%emt 0:03:00]} Qh6 {[%emt 0:02:06]} 34. Kg1 {[%emt 0:01:17]} e6 {[%emt 0:02:00]} 35. Re1 {[%emt 0:01:18]} Re8 {[%emt 0:02:46]} 36. Kh1 {[%emt 0:00:33]} Kf7 {[%emt 0:02:38]} 37. Qe3 {[%emt 0:01:58]} Bd8 {[%emt 0:01:11]} 38. Ra6 {[%emt 0:01:03]} Bh3 {[%emt 0:04:04]} 39. Bf3 {[%emt 0:01:32]} Bb6 {[%emt 0:01:35]} 40. Bxb6 {[%emt 0:00:00]} axb6 {[%emt 0:00:00]} 41. Rxb6 {[%emt 0:00:51]} Rdd8 {[%emt 0:04:22]} 42. Rc6 {[%emt 0:02:33]} Rd7 {[%emt 0:02:07]} 43. Rec1 {[%emt 0:00:49]} Ree7 {[%emt 0:00:48]} 44. Qe5 {[%emt 0:01:06]} Bg4 {[%emt 0:00:55]} 45. Bxg4 {[%emt 0:00:48]} fxg4 {[%emt 0:00:21]} 46. a4 {[%emt 0:04:38]} Qh3 {[%emt 0:00:53]} 47. f5 {[%emt 0:02:28]} 1-0

[Event "VI Sunway Sitges Open 2019"]
[Site "Sitges"]
[Date "2019.12.18"]
[Round "6.54"]
[White "Haisma, Henk"]
[Black "Colom Riera, Marc"]
[Result "1-0"]
[WhiteElo "1718"]
[BlackElo "1505"]
[Annotator "NA"]
[PlyCount "41"]
[EventDate "2019.12.13"]
[EventType "swiss"]
[EventCountry "ESP"]
[SourceTitle "playchess.com"]
[Source "ChessBase"]
[SourceQuality "1"]
[TimeControl "40/5400+30:1800+30"]

1. e4 {[%emt 3:03:44]} c6 {[%emt 0:00:09]} 2. d4 {[%emt 0:00:17]} d5 {[%emt 0:00:11]} 3. e5 {[%emt 0:00:09]} Bf5 {[%emt 0:00:37]} 4. h4 {[%emt 0:00:18]} h6 {[%emt 0:00:58]} 5. g4 {[%emt 0:01:08]} Bc8 {[%emt 0:04:19]} 6. Be3 {[%emt 0:01:08]} e6 {[%emt 0:00:14]} 7. Bd3 {[%emt 0:01:48]} Nd7 {[%emt 0:00:31]} 8. Nd2 {[%emt 0:01:09]} c5 {[%emt 0:02:50]} 9. c3 {[%emt 0:00:40]} cxd4 {[%emt 0:05:07]} 10. cxd4 {[%emt 0:04:32]} Bb4 {[%emt 0:01:58]} 11. f4 {[%emt 0:01:14]} Ne7 {[%emt 0:01:38]} 12. Ngf3 {[%emt 0:00:36]} Nc6 {[%emt 0:06:50]} 13. Qe2 {[%emt 0:04:04]} Qe7 {[%emt 0:03:44]} 14. f5 {[%emt 0:02:27]} Qf8 {[%emt 0:06:20]} 15. fxe6 {[%emt 0:02:49]} fxe6 {[%emt 0:00:16]} 16. Bg6+ {[%emt 0:00:13]} Kd8 {[%emt 0:00:35]} 17. Rf1 {[%emt 0:00:37]} Bxd2+ {[%emt 0:01:12]} 18. Qxd2 {[%emt 0:01:23]} Qb4 {[%emt 0:00:21]} 19. Qxb4 {[%emt 0:00:56]} Nxb4 {[%emt 0:01:04]} 20. Nd2 {[%emt 0:01:53]} Nc2+ {[%emt 0:01:02]} 21. Bxc2 {[%emt 0:00:12]} 1-0

[Event "VI Sunway Sitges Open 2019"]
[Site "Sitges"]
[Date "2019.12.19"]
[Round "7.1"]
[White "Ivanchuk, Vassily"]
[Black "Korobov, Anton"]
[Result "1/2-1/2"]
[WhiteElo "2690"]
[BlackElo "2668"]
[Annotator "TA"]
[PlyCount "60"]
[EventDate "2019.12.13"]
[EventType "swiss"]
[EventCountry "ESP"]
[SourceTitle "playchess.com"]
[Source "ChessBase"]
[SourceQuality "1"]

{[%evp 11,60,0,2,0,10,0,25,16,22,21,21,22,17,11,13,7,7,16,12,2,11,0,17,15,15,0,0,0,0,-12,0,-16,0,0,0,0,0,0,0,0,0,0,0,0,0,0,0,0,3,0,1]} 1. c4 e6 2. Nf3 d5 3. d4 Nf6 4. g3 Bb4+ 5. Bd2 Be7 6. Bg2 c6 7. O-O {E11: Bogo-Indian} Nbd7 8. Bc3 dxc4 $146 ({Predecessor:} 8... O-O 9. Nbd2 a5 10. a3 b6 11. b4 Ba6 12. Qb3 Qc7 13. Rfc1 Rfc8 14. e3 Qd8 15. bxa5 bxa5 {½-½ (32) Markus,R (2650)-Nevednichy,V (2528) Mali Losinj 2017}) 9. a4 $1 {White has an edge.} b6 {The position is equal.} 10. Nfd2 Nd5 11. Nxc4 Ba6 12. b3 Nxc3 13. Nxc3 Rc8 14. Qc2 O-O 15. Rfd1 Qc7 16. e3 Rfd8 17. Rac1 b5 18. Nb2 b4 19. Ne4 c5 20. Qb1 Qb6 21. Nc4 Bxc4 22. Rxc4 cxd4 {[#] Threatens to win with ...Rxc4.} 23. Rcxd4 Nf6 24. Rxd8+ Rxd8 25. Nxf6+ Bxf6 26. Rxd8+ Qxd8 27. Be4 g6 28. Qd3 Qxd3 29. Bxd3 a5 30. Kf1 Kf8 {Accuracy: White = 68%, Black = 75%.} 1/2-1/2